000 00536nam a22001817a 4500
003 dpl
005 20180726134858.0
008 180726b xxu||||| |||| 00| 0 eng d
020 _a817273039
_c0.00
035 _aB-018727
040 _aDPL
_bEN
_c0
082 _a305.40954
_bMIS
100 _aMishra, Pramod
245 _aWomen in South Asia :
_bdowry death and human rights violations /
_cby Pramod Mishra
260 _aDelhi
_bAuthorsPress
_c2000
300 _avi, 278p.
_c23cm.
942 _2ddc
_cEN
_h305.40954
_mMIS
999 _c154885
_d154885